| 000 | 01166cam a22002413a 4500 | ||
|---|---|---|---|
| 001 | 9485 | ||
| 003 | PGUSA | ||
| 005 | 20140828083212.0 | ||
| 008 | 051201s2005||||xxu|||||s|||||000 | eng d | ||
| 040 |
_aPGUSA _beng |
||
| 042 | _adc | ||
| 050 | 4 | _aPS | |
| 100 | 1 |
_aField, Eugene, _d1850-1895 |
|
| 245 | 1 | 2 |
_aA Little Book of Profitable Tales _h[electronic resource] / _cEugene Field |
| 260 |
_bProject Gutenberg, _c2005 |
||
| 505 | 0 | _aThe first Christmas tree -- The symbol and the saint -- The coming of the prince -- The mouse and the moonbeam -- The divell's Chrystmasse -- The mountain and the sea -- The robin and the violet -- The oak-tree and the ivy -- Margaret: a pearl -- The springtime -- Rodolph and his king -- The Hampshire hills -- Ezra's Thanksgivin' out West -- Ludwig and Eloise -- Fido's little friend -- The old man -- Bill, the lokil editor -- The little yaller baby -- The cyclopeedy -- Dock Stebbins -- The fairies of Pesth. | |
| 506 | _aPublic domain in the USA. | ||
| 516 | _aElectronic text | ||
| 653 | _aShort stories, American | ||
| 830 | 0 |
_aProject Gutenberg _v9485 |
|
| 856 | 4 | 0 | _uhttp://www.gutenberg.org/ebooks/9485 |
| 942 | _cEB | ||
| 999 |
_c238741 _d238741 |
||